Most Popular Pets in the UK - Statistics

General Stats
  • This quiz has been taken 119 times
  • The average score is 14 of 20
Answer Stats
Hint Answer % Correct
7.9 million Cats
98%
9 million Dogs
98%
20 million Fish (kept in ponds)
94%
20-25 million Fish (kept in tanks)
94%
1 million Birds (caged)
89%
1 million Birds (domestic fowl
89%
400,000 Snakes
84%
400,000 Hamsters
82%
100,000 Rats
79%
100,000 Mice
78%
400,000 Horses/Ponies
74%
500,000 Guinea Pigs
73%
1 million Rabbits
72%
400,000 Lizards
69%
100,000 Gerbils
55%
300,000 Tortoises/Turtles
53%
100,000 Frogs/Toads
31%
100,000 Insects
20%
100,000 Newts/Salamaders
13%
300,000 Pigeons
8%
No matching quizzes found
Score Distribution
Percent of People with Each Score
Percentile by Number Answered
Your Score History
You have not taken this quiz